[Event "Challenge"]
[Site "http://www.queenalice.com/game.php?id=38127"]
[Date "2005.11.16"]
[Round "-"]
[White "Eloisio"]
[Black "otax"]
[Result "1-0"]
[WhiteElo "1467"]
[BlackElo "1613"]

1. h3 Nf6 2. a3 Nc6 3. d4 d5 4. Bg5 e6 5. Nc3 Be7 6. Nf3 O-O 7. Nb5 a6 8. Nc3 b5
9. b4 Bb7 10. Qd3 Rb8 11. Ne5 Ne4 12. Nxc6 Bxc6 13. Bxe7 Qxe7 14. Nxe4 dxe4 15.
Qc3 Bd5 16. e3 Rfc8 17. Be2 Rb6 18. Qc5 Qd6 19. Rc1 Qd7 20. c4 Rc6 21. Qa7 Bxc4
22. Bxc4 bxc4 23. O-O Qd5 24. Qb7 Qd7 25. Rc3 Qe8 26. Rfc1 Rb8 27. Qa7 Qc8 28.
d5 Rcb6 29. Rxc4 R6b7 30. Rxc7 Rxc7 31. Rxc7 1-0

[Event "Challenge"]
[Site "http://www.queenalice.com/game.php?id=38735"]
[Date "2005.11.19"]
[Round "-"]
[White "Eloisio"]
[Black "Eagle"]
[Result "1-0"]
[WhiteElo "1463"]
[BlackElo "1378"]

1. h3 d5 2. e3 a6 3. d4 Nf6 4. Bd3 e6 5. a3 Bd6 6. Nc3 O-O 7. e4 dxe4 8. Nxe4
Nxe4 9. Bxe4 c6 10. Qh5 Nd7 11. Qxh7# 1-0

[Event "Challenge"]
[Site "http://www.queenalice.com/game.php?id=38737"]
[Date "2005.11.19"]
[Round "-"]
[White "Eloisio"]
[Black "ilardi"]
[Result "1-0"]
[WhiteElo "1492"]
[BlackElo "1293"]

1. h3 g6 2. e4 Bg7 3. c3 d6 4. Na3 Nc6 5. Bb5 Bd7 6. d4 Nf6 7. Bxc6 Bxc6 8. f3
Nh5 9. Ne2 O-O 10. d5 Bd7 11. Bf4 f5 12. g4 fxg4 13. hxg4 Nxf4 14. Nxf4 Rxf4 15.
Qe2 e6 16. Qh2 Rxf3 17. Qxh7+ Kf7 18. Ke2 Qf6 19. Rhf1 Rh8 20. Qxh8 Bxh8 21.
Rxf3 Qxf3+ 22. Kxf3 e5 23. c4 Kf6 24. Rh1 Bg7 25. Rh7 c6 26. dxc6 Bxc6 27. Nb5
a6 28. Nxd6 g5 29. Nf5 Bf8 30. b3 b6 31. Rc7 Be8 32. Rc8 Kf7 33. Rb8 Bc5 34.
Rb7+ Kf8 35. Rh7 Bg6 36. Ra7 a5 37. a4 Bb4 38. Rb7 Bc5 39. Rc7 Ke8 40. Rc6 Bf7
41. Rc8+ Kd7 42. Rh8 Bg6 43. Nh6 Kc6 44. Nf5 Ba3 45. Rh6 Kc5 46. Rxg6 1-0

[Event "Challenge"]
[Site "http://www.queenalice.com/game.php?id=38738"]
[Date "2005.11.19"]
[Round "-"]
[White "Eloisio"]
[Black "tatanka7"]
[Result "0-1"]
[WhiteElo "1542"]
[BlackElo "1382"]

1. h3 e5 2. e4 Nf6 3. Nc3 Bc5 4. Nf3 O-O 5. Nxe5 d6 6. Ng4 Re8 7. Nb5 Nxe4 8.
Ne3 Bxe3 9. dxe3 a6 10. Nd4 c5 11. Nf3 b5 12. Bd3 Bb7 13. O-O Qf6 14. Bxe4 Rxe4
15. Nd2 Re5 16. Nf3 Qg6 17. Qe2 Rh5 18. Kh2 Nd7 19. Rg1 Ne5 20. Nxe5 dxe5 21. g4
Rh4 22. f3 Qh6 23. Rg3 e4 24. f4 Re8 25. Bd2 Bc8 26. f5 Qg5 27. c4 b4 28. b3 Bd7
29. a3 a5 30. axb4 axb4 31. Ra7 Rd8 32. Rc7 Qe7 33. Be1 Qe5 34. Qd2 Qxc7 35. Qd5
Re8 36. f6 Re5 37. Qd3 Bxg4 38. Qf1 Rf5 0-1

[Event "Challenge"]
[Site "http://www.queenalice.com/game.php?id=38741"]
[Date "2005.11.19"]
[Round "-"]
[White "Eloisio"]
[Black "Wifeykaz"]
[Result "1-0"]
[WhiteElo "1457"]
[BlackElo "1209"]

1. a3 e5 2. e4 Qh4 3. Bd3 Bc5 4. Nh3 d6 5. Qf3 Qxf2+ 6. Nxf2 Nf6 7. h3 b6 8. c3
Nc6 9. Bb5 O-O 10. Bxc6 Rb8 11. Ng4 Nh5 12. Nxe5 dxe5 13. Qxh5 g6 14. Qxe5 f5
15. Bd5+ Rf7 16. Qe8+ Bf8 17. Qxf7+ Kh8 18. Qg8# 1-0

[Event "sampa"]
[Site "http://www.queenalice.com/game.php?id=41482"]
[Date "2005.12.4"]
[Round "-"]
[White "Simone"]
[Black "Eloisio"]
[Result "1-0"]
[WhiteElo "1550"]
[BlackElo "1556"]

1. b3 g6 2. Bb2 Nf6 3. e3 Bg7 4. Be2 Rg8 5. Bf3 d5 6. d4 Bf5 7. Nd2 Qd7 8. Be2
Ne4 9. Nxe4 Bxe4 10. Nf3 Qg4 11. Bf1 c5 12. h3 Qf5 13. c3 b6 14. dxc5 bxc5 15.
Bb5+ Nd7 16. Qe2 Bxf3 17. Bxd7+ Kxd7 18. gxf3 e6 19. Qb5+ Kd6 20. Qa6+ Ke7 21.
Qb7+ Kf6 22. c4+ e5 23. Qxd5 Rgd8 24. Qc6+ Kg5 25. f4+ Kh6 26. e4 Qh5 27. Qxc5
Qf3 28. Rg1 Qxe4+ 29. Qe3 f5 30. Qxe4 fxe4 31. fxe5 Re8 32. Bc1+ 1-0